[Event "Quebec City-ch"]
[Site "Quebec CAN"]
[Date "2004.01.25"]
[Round "6"]
[White "Drolet, Stephane"]
[Black "Tremblay, Rejean"]
[Result "1/2-1/2"]
[WhiteElo "2122"]
[BlackElo "2200"]
[PlyCount "64"]
[GameId "2160767911217336"]
[EventDate "2004.01.??"]
[EventType "tourn"]
[EventRounds "7"]
[EventCountry "CAN"]
[SourceTitle "EXT 2005"]
[Source "ChessBase"]
[SourceDate "2004.11.15"]
[SourceVersion "1"]
[SourceVersionDate "2004.11.15"]
[SourceQuality "1"]

1. d4 Nf6 2. Nf3 g6 3. Bg5 Bg7 4. Nbd2 d5 5. e3 O-O 6. Be2 Nbd7 7. O-O b6 8. c3 Bb7 9. h3 Re8 10. Bf4 c5 11. a4 Ne4 12. Rc1 e5 13. Nxe5 Nxe5 14. Nxe4 dxe4 15. Bxe5 Bxe5 16. dxe5 Rxe5 17. Qxd8+ Rxd8 18. Rfd1 Red5 19. Rxd5 Rxd5 20. Rd1 Kf8 21. Kh2 g5 22. Kg3 Kg7 23. Rxd5 Bxd5 24. h4 h6 25. hxg5 hxg5 26. Bb5 Kg6 27. Bd7 Bb3 28. Bb5 Bd1 29. Kh2 Kf5 30. Kg1 Ke5 31. Kf1 f6 32. Ke1 Bh5 1/2-1/2

[Event "Quebec City-ch"]
[Site "Quebec CAN"]
[Date "2004.01.25"]
[Round "6"]
[White "Gaspariants, Vladimir"]
[Black "Audet-Bouchard, Nicolas"]
[Result "1-0"]
[WhiteElo "2300"]
[BlackElo "2185"]
[PlyCount "47"]
[GameId "2160767911217337"]
[EventDate "2004.01.??"]
[EventType "tourn"]
[EventRounds "7"]
[EventCountry "CAN"]
[SourceTitle "EXT 2005"]
[Source "ChessBase"]
[SourceDate "2004.11.15"]
[SourceVersion "1"]
[SourceVersionDate "2004.11.15"]
[SourceQuality "1"]

1. e4 c5 2. Nf3 Nc6 3. Bb5 g6 4. O-O Bg7 5. Nc3 Nd4 6. Nxd4 cxd4 7. Ne2 Nf6 8. d3 a6 9. Ba4 b5 10. Bb3 d5 11. e5 Ng4 12. f4 f6 13. h3 Nh6 14. Nxd4 fxe5 15. fxe5 Bxe5 16. Bxh6 Bxd4+ 17. Kh1 Be6 18. c3 Bf6 19. Qe2 Qd6 20. Rae1 Kd7 21. c4 Rac8 22. cxd5 Bf7 23. Bf4 Qb4 24. Qg4+ 1-0

[Event "Quebec City-ch"]
[Site "Quebec CAN"]
[Date "2004.01.25"]
[Round "6"]
[White "Vallieres, Mario"]
[Black "Auger, Bertrand"]
[Result "0-1"]
[WhiteElo "2090"]
[BlackElo "2098"]
[PlyCount "86"]
[GameId "2160767911217338"]
[EventDate "2004.01.??"]
[EventType "tourn"]
[EventRounds "7"]
[EventCountry "CAN"]
[SourceTitle "EXT 2005"]
[Source "ChessBase"]
[SourceDate "2004.11.15"]
[SourceVersion "1"]
[SourceVersionDate "2004.11.15"]
[SourceQuality "1"]

1. d4 e6 2. e4 d5 3. Nc3 dxe4 4. Nxe4 Bd7 5. Nf3 Bc6 6. Bd3 Nd7 7. O-O Ngf6 8. Qe2 Bxe4 9. Bxe4 Nxe4 10. Qxe4 c6 11. c4 Nf6 12. Qc2 Be7 13. Bd2 O-O 14. Bc3 Qc7 15. Rfe1 Rfe8 16. Rad1 Rad8 17. Qe2 Bf8 18. h3 Rd7 19. Ne5 Rdd8 20. Rd3 g6 21. Qf3 Bg7 22. Red1 Rf8 23. b4 Nd7 24. Ng4 b5 25. Ne3 bxc4 26. Nxc4 Nb6 27. Nxb6 Qxb6 28. Qe4 Rd5 29. g4 Rfd8 30. f4 e5 31. fxe5 Rxe5 32. Qg2 Rde8 33. Rf1 R8e7 34. Kh1 Re2 35. Rf2 Rxf2 36. Qxf2 Qb5 37. Qd2 Qd5+ 38. Qg2 Re4 39. a4 Bf8 40. Kg1 Bd6 41. b5 Qe6 42. Rd1 Re2 43. Qxc6 Qe3+ 0-1

[Event "Quebec City-ch"]
[Site "Quebec CAN"]
[Date "2004.01.25"]
[Round "7"]
[White "Audet-Bouchard, Nicolas"]
[Black "Caire, Francois"]
[Result "1-0"]
[WhiteElo "2185"]
[BlackElo "2075"]
[PlyCount "63"]
[GameId "2160767911217339"]
[EventDate "2004.01.??"]
[EventType "tourn"]
[EventRounds "7"]
[EventCountry "CAN"]
[SourceTitle "EXT 2005"]
[Source "ChessBase"]
[SourceDate "2004.11.15"]
[SourceVersion "1"]
[SourceVersionDate "2004.11.15"]
[SourceQuality "1"]

1. e4 c5 2. Nf3 Nc6 3. d4 cxd4 4. Nxd4 Nf6 5. Nc3 e5 6. Ndb5 d6 7. Bg5 a6 8. Na3 b5 9. Bxf6 gxf6 10. Nd5 f5 11. Bd3 Be6 12. c3 Bg7 13. Qh5 O-O 14. exf5 Bxd5 15. f6 e4 16. fxg7 Re8 17. Be2 Re5 18. Qh6 Rg5 19. O-O Ne5 20. Kh1 Ng6 21. f4 Rf5 22. Nc2 Bb7 23. Ne3 Rf6 24. Ng4 Rf5 25. Ne3 Rf6 26. g4 Qb6 27. f5 Ne5 28. Qf4 Nd3 29. Qg3 d5 30. g5 Rd6 31. f6 Bc8 32. g6 1-0

[Event "Quebec City-ch"]
[Site "Quebec CAN"]
[Date "2004.01.25"]
[Round "7"]
[White "Auger, Bertrand"]
[Black "Drolet, Stephane"]
[Result "1-0"]
[WhiteElo "2098"]
[BlackElo "2122"]
[PlyCount "65"]
[GameId "2160767911217340"]
[EventDate "2004.01.??"]
[EventType "tourn"]
[EventRounds "7"]
[EventCountry "CAN"]
[SourceTitle "EXT 2005"]
[Source "ChessBase"]
[SourceDate "2004.11.15"]
[SourceVersion "1"]
[SourceVersionDate "2004.11.15"]
[SourceQuality "1"]

1. b4 Nf6 2. Bb2 e6 3. a3 c5 4. b5 d5 5. Nf3 Bd6 6. e3 Nbd7 7. c4 O-O 8. Nc3 Nb6 9. d3 Qe7 10. Be2 e5 11. Nd2 d4 12. Nce4 Nxe4 13. Nxe4 Bc7 14. a4 Nd7 15. a5 f5 16. Nd2 dxe3 17. fxe3 Qh4+ 18. g3 Qh6 19. Nf3 e4 20. dxe4 Bxg3+ 21. Kd2 Bf2 22. Kc2 fxe4 23. Qd5+ Kh8 24. Rhg1 Bxg1 25. Rxg1 Nf6 26. Qd6 Bf5 27. Ng5 Bg6 28. Qf4 Nd5 29. Nf7+ Rxf7 30. Qxh6 Nb4+ 31. Kb3 Nd3 32. Rxg6 Nxb2 33. Qh5 1-0

[Event "Quebec City-ch"]
[Site "Quebec CAN"]
[Date "2004.01.25"]
[Round "7"]
[White "Plante, Rejean"]
[Black "Vallieres, Mario"]
[Result "1/2-1/2"]
[WhiteElo "2151"]
[BlackElo "2090"]
[PlyCount "62"]
[GameId "2160767911217341"]
[EventDate "2004.01.??"]
[EventType "tourn"]
[EventRounds "7"]
[EventCountry "CAN"]
[SourceTitle "EXT 2005"]
[Source "ChessBase"]
[SourceDate "2004.11.15"]
[SourceVersion "1"]
[SourceVersionDate "2004.11.15"]
[SourceQuality "1"]

1. d4 f5 2. c4 Nf6 3. Nf3 e6 4. g3 Be7 5. Bg2 O-O 6. O-O d6 7. b3 Ne4 8. Qc2 Bf6 9. Bb2 Qe7 10. Ne1 Ng5 11. Nd3 Nc6 12. e3 Nd8 13. Nd2 c6 14. f4 Ngf7 15. e4 fxe4 16. Nxe4 d5 17. Nxf6+ Qxf6 18. f5 dxc4 19. fxe6 cxd3 20. exf7+ Nxf7 21. Qxd3 Qd6 22. d5 Bd7 23. Qd4 Qh6 24. Rf4 Ng5 25. Raf1 Rxf4 26. Rxf4 Re8 27. h4 Nh3+ 28. Bxh3 Bxh3 29. Kh2 Bd7 30. Rf2 cxd5 31. Qxd5+ Qe6 1/2-1/2

[Event "Quebec City-ch"]
[Site "Quebec CAN"]
[Date "2004.01.25"]
[Round "7"]
[White "Tremblay, Rejean"]
[Black "Gaspariants, Vladimir"]
[Result "1/2-1/2"]
[WhiteElo "2200"]
[BlackElo "2300"]
[PlyCount "111"]
[GameId "2160767911217342"]
[EventDate "2004.01.??"]
[EventType "tourn"]
[EventRounds "7"]
[EventCountry "CAN"]
[SourceTitle "EXT 2005"]
[Source "ChessBase"]
[SourceDate "2004.11.15"]
[SourceVersion "1"]
[SourceVersionDate "2004.11.15"]
[SourceQuality "1"]

1. d4 Nf6 2. c4 d6 3. Nf3 g6 4. Nc3 Bg7 5. e4 O-O 6. Be2 e5 7. dxe5 dxe5 8. Qxd8 Rxd8 9. Bg5 c6 10. Nxe5 Re8 11. O-O-O Na6 12. f4 Nc5 13. Bf3 h6 14. Bh4 g5 15. Bf2 Ne6 16. f5 Nf8 17. Bg3 N8d7 18. Nxd7 Nxd7 19. Kc2 Ne5 20. Be2 b6 21. Rd6 Ba6 22. f6 Bf8 23. Bxe5 Rxe5 24. Rxc6 Rc8 25. Rxc8 Bxc8 26. Rd1 Re8 27. h3 Bc5 28. Nb5 Bb7 29. Bf3 Bxe4+ 30. Bxe4 Rxe4 31. Nxa7 Rxc4+ 32. Kb1 Rf4 33. Rd2 Rxf6 34. Nb5 Re6 35. Kc2 Kg7 36. a3 Re1 37. Nc3 Kg6 38. b4 Bg1 39. Rd6+ Re6 40. Rxe6+ fxe6 41. Kd3 Kf5 42. Ne2 Bf2 43. a4 g4 44. hxg4+ Kxg4 45. Ke4 Be1 46. b5 h5 47. Ke5 h4 48. Kxe6 Bf2 49. Kd5 Be3 50. Nd4 Bd2 51. Kd6 Be3 52. Ne2 Bf2 53. Kd5 Be3 54. Ke4 Bf2 55. Ke5 Bc5 56. Kd5 1/2-1/2

[Event "Quebec Intercollegial-ch"]
[Site "Montreal CAN"]
[Date "2004.04.03"]
[Round "3"]
[White "Laframboise, Marc-Andre"]
[Black "Bachand-Fleurent, Julien"]
[Result "0-1"]
[WhiteElo "2129"]
[BlackElo "2097"]
[PlyCount "100"]
[GameId "2160767911175109"]
[EventDate "2004.04.??"]
[EventType "team-swiss"]
[EventRounds "5"]
[EventCountry "CAN"]
[SourceTitle "EXT 2005"]
[Source "ChessBase"]
[SourceDate "2004.11.15"]
[SourceVersion "1"]
[SourceVersionDate "2004.11.15"]
[SourceQuality "1"]

1. d4 d5 2. c4 c6 3. Nc3 e6 4. Nf3 dxc4 5. a4 Bb4 6. e3 b5 7. Bd2 Bb7 8. b3 a5 9. axb5 Bxc3 10. Bxc3 cxb5 11. bxc4 b4 12. Bd2 Nf6 13. Bd3 Ne4 14. O-O O-O 15. Qc2 f5 16. Rfb1 g5 17. h3 h5 18. d5 exd5 19. Nd4 Qd7 20. Rd1 Nc6 21. Nf3 Qe7 22. cxd5 Ne5 23. Bxe4 fxe4 24. Qxe4 Nxf3+ 25. gxf3 Qd6 26. f4 gxf4 27. exf4 Bxd5 28. Bxb4 axb4 29. Rxa8 Bxe4 30. Rxd6 Bxa8 31. Rb6 Kf7 32. Rxb4 Rg8+ 33. Kf1 Bg2+ 34. Ke2 Re8+ 35. Kd3 Bxh3 36. Rb6 Bf1+ 37. Kd4 h4 38. Rh6 h3 39. f5 Kg7 40. Rg6+ Kh7 41. Rg4 Kh6 42. f4 Kh5 43. Rg5+ Kh4 44. f6 h2 45. Rg7 Bh3 46. f7 Rd8+ 47. Ke5 h1=Q 48. Rh7+ Kg3 49. Rg7+ Kf2 50. Rg8 Qd5+ 0-1

[Event "Quebec Intercollegial-ch"]
[Site "Montreal CAN"]
[Date "2004.04.03"]
[Round "3"]
[White "Poirier, Erik"]
[Black "Vuccino, Wernher"]
[Result "1-0"]
[WhiteElo "2035"]
[BlackElo "1457"]
[PlyCount "81"]
[GameId "2160767911175110"]
[EventDate "2004.04.??"]
[EventType "team-swiss"]
[EventRounds "5"]
[EventCountry "CAN"]
[SourceTitle "EXT 2005"]
[Source "ChessBase"]
[SourceDate "2004.11.15"]
[SourceVersion "1"]
[SourceVersionDate "2004.11.15"]
[SourceQuality "1"]

1. d4 d5 2. c4 dxc4 3. Nf3 c5 4. d5 e6 5. e4 a6 6. a4 exd5 7. exd5 Nf6 8. Bxc4 Bd6 9. O-O O-O 10. Nc3 Bf5 11. Bd3 Bxd3 12. Qxd3 Re8 13. Bg5 Nbd7 14. Rfe1 Qc7 15. Ne4 Ne5 16. Nxe5 Nxe4 17. Rxe4 Rxe5 18. Rh4 g6 19. f4 c4 20. Qh3 Bc5+ 21. Kh1 Re3 22. Qg4 Rae8 23. h3 f5 24. Qd1 Re1+ 25. Qxe1 Rxe1+ 26. Rxe1 h5 27. Re6 Kh7 28. g4 Qd7 29. Re5 Bd6 30. Re2 Bc5 31. Re5 Bd6 32. Re2 Bc5 33. gxh5 Qxd5+ 34. Kh2 Qd1 35. hxg6+ Kxg6 36. Rg2 Kf7 37. Rh6 Qf3 38. Rf6+ Ke8 39. Rxf5 Bd6 40. Rf6 Be7 41. Re6 1-0

[Event "Quebec op"]
[Site "Montreal CAN"]
[Date "2004.07.17"]
[Round "1"]
[White "Anastasovski, Nikola"]
[Black "Michaud, Gerald"]
[Result "1-0"]
[WhiteElo "2088"]
[BlackElo "1973"]
[PlyCount "61"]
[GameId "2160767911094965"]
[EventDate "2004.07.17"]
[EventType "swiss"]
[EventRounds "9"]
[EventCountry "CAN"]

1. e4 e6 2. d4 d5 3. exd5 exd5 4. c4 c6 5. Nc3 Nf6 6. Be3 Bd6 7. h3 O-O 8. c5 Bc7 9. Bd3 Re8 10. Nge2 Nbd7 11. Qc2 b6 12. b4 bxc5 13. bxc5 Nf8 14. O-O Bd7 15. Rfe1 Qc8 16. Ng3 g6 17. f4 Qb8 18. Rab1 Qc8 19. Rbd1 Rxe3 20. Rxe3 Bxf4 21. Rf3 Qc7 22. Qf2 Ne6 23. Nge2 Bh2+ 24. Kh1 Nh5 25. g4 Ng5 26. gxh5 Nxf3 27. Qxf3 Re8 28. Rf1 Re7 29. Rf2 Bf4 30. Nxf4 Re1+ 31. Kg2 1-0

[Event "Quebec op"]
[Site "Montreal CAN"]
[Date "2004.07.17"]
[Round "1"]
[White "Arsenault, Nicolas"]
[Black "Milicevic, Goran"]
[Result "0-1"]
[WhiteElo "2129"]
[BlackElo "2271"]
[PlyCount "64"]
[GameId "2160767911094966"]
[EventDate "2004.07.17"]
[EventType "swiss"]
[EventRounds "9"]
[EventCountry "CAN"]
[SourceTitle "CBM 101 Extra"]
[Source "ChessBase"]
[SourceDate "2004.09.01"]
[SourceVersion "2"]
[SourceVersionDate "2004.09.01"]
[SourceQuality "1"]

1. e4 e6 2. d4 d5 3. Nc3 Bb4 4. e5 c5 5. a3 Bxc3+ 6. bxc3 Ne7 7. Qg4 O-O 8. Bd3 Qa5 9. Bd2 Nbc6 10. Nf3 f5 11. exf6 Rxf6 12. Qh5 Nf5 13. O-O c4 14. Bxf5 Rxf5 15. Qe8+ Rf8 16. Qh5 Bd7 17. Qg5 Qa4 18. Ra2 Be8 19. Qe3 Rf6 20. Qe2 Bh5 21. Qe3 Bxf3 22. gxf3 Raf8 23. Qe2 Ne7 24. Kh1 Qd7 25. f4 Ng6 26. Rb2 Nxf4 27. Qg4 Rg6 28. Qh4 e5 29. f3 Nh3 30. Rbb1 exd4 31. cxd4 Qf5 32. Rbc1 Rg1+ 0-1

[Event "Quebec op"]
[Site "Montreal CAN"]
[Date "2004.07.17"]
[Round "1"]
[White "Audet-Bouchard, Nicolas"]
[Black "Spicer, Christopher"]
[Result "1-0"]
[WhiteElo "2077"]
[BlackElo "1966"]
[PlyCount "81"]
[GameId "2160767911094967"]
[EventDate "2004.07.17"]
[EventType "swiss"]
[EventRounds "9"]
[EventCountry "CAN"]

1. e4 c5 2. Nf3 d6 3. d4 cxd4 4. Nxd4 Nf6 5. Nc3 Nc6 6. Bg5 Qb6 7. Nb3 e6 8. Qd2 a6 9. O-O-O Qc7 10. f4 Bd7 11. Be2 b5 12. a3 Rc8 13. Bxf6 gxf6 14. Bh5 Be7 15. f5 Ne5 16. fxe6 Bxe6 17. Nd4 Kd7 18. Nd5 Bxd5 19. exd5 Qc4 20. Kb1 Qxd5 21. Qa5 Nc4 22. Bg4+ f5 23. Nxf5 Qxd1+ 24. Rxd1 Nxa5 25. Nxd6+ Kc7 26. Nxc8 Bh4 27. Nd6 Rg8 28. Bf3 Rf8 29. Nf5 Bf2 30. Rd6 Nc4 31. Rc6+ Kd7 32. Rxa6 Bb6 33. b3 Nd2+ 34. Kc1 Nxf3 35. Rxb6 Nxh2 36. Rxb5 Ng4 37. a4 Nf6 38. Re5 Kc6 39. Kb2 Nd7 40. Re7 Nb6 41. Nh6 1-0

[Event "Quebec op"]
[Site "Montreal CAN"]
[Date "2004.07.17"]
[Round "1"]
[White "Barbeau, Sylvain"]
[Black "Feoktistov, Dmitri"]
[Result "1-0"]
[WhiteElo "2404"]
[BlackElo "2146"]
[PlyCount "93"]
[GameId "2160767911094968"]
[EventDate "2004.07.17"]
[EventType "swiss"]
[EventRounds "9"]
[EventCountry "CAN"]
[SourceTitle "CBM 101 Extra"]
[Source "ChessBase"]
[SourceDate "2004.09.01"]
[SourceVersion "2"]
[SourceVersionDate "2004.09.01"]
[SourceQuality "1"]

1. f4 e5 2. e4 exf4 3. Nf3 d6 4. d4 g5 5. h4 g4 6. Ng1 f5 7. Bxf4 fxe4 8. Nc3 Nf6 9. Nge2 d5 10. Qd2 Be7 11. Ng3 Be6 12. Be2 c6 13. O-O Nbd7 14. a3 a5 15. Nd1 Qb6 16. Ne3 c5 17. c3 c4 18. Ngf5 Bxf5 19. Nxf5 Rg8 20. Nxe7 Kxe7 21. Bg5 h5 22. Rf5 Qd6 23. Raf1 Raf8 24. b3 cxb3 25. c4 Qxa3 26. Rxd5 Qa2 27. Rxa5 Qxd2 28. Bxd2 Ra8 29. Rb5 Ra2 30. Bb4+ Kd8 31. Bd1 b2 32. Bc3 Kc7 33. Bxb2 Rga8 34. Bc1 R2a5 35. Bf4+ Kc8 36. Rg5 R8a6 37. c5 Ra1 38. Bb3 Rxf1+ 39. Kxf1 Ra3 40. Be6 Kd8 41. Bd6 Rd3 42. d5 Rd2 43. Rg7 Ke8 44. Be7 Rc2 45. d6 Nxc5 46. Bxf6 Nxe6 47. Re7+ 1-0

[Event "Quebec op"]
[Site "Montreal CAN"]
[Date "2004.07.17"]
[Round "1"]
[White "Bouchard, Jean-Marc"]
[Black "Moisan-Plante, Marc-Olivier"]
[Result "0-1"]
[WhiteElo "1968"]
[BlackElo "2083"]
[PlyCount "110"]
[GameId "2160767911094969"]
[EventDate "2004.07.17"]
[EventType "swiss"]
[EventRounds "9"]
[EventCountry "CAN"]

1. Nf3 c5 2. g3 Nc6 3. d4 cxd4 4. Nxd4 g6 5. Bg2 Bg7 6. Nb3 Nf6 7. c4 O-O 8. O-O d6 9. Nc3 a5 10. Na4 Be6 11. c5 d5 12. Nb6 Ra6 13. Bg5 a4 14. Nd2 a3 15. b3 h6 16. Bxf6 Bxf6 17. Rb1 Nb4 18. e4 Nxa2 19. Na4 Nb4 20. exd5 Bxd5 21. Ne4 Bg7 22. Rc1 Bc6 23. Qd2 Qa5 24. Nec3 Rd8 25. Qe2 Nd3 26. Bxc6 Nxc1 27. Qxe7 Rxc6 28. Rxc1 Bf6 29. Qxb7 Rc7 30. Qb6 Bxc3 31. Nxc3 Qxc5 32. Qf6 Ra8 33. Qf4 Rcc8 34. Qxh6 g5 35. Na2 Qxc1+ 36. Nxc1 Rxc1+ 37. Kg2 a2 38. Qxg5+ Kf8 39. Qxc1 a1=Q 40. Qc5+ Kg8 41. Qg5+ Qg7 42. Qd5 Re8 43. h4 Qe5 44. Qd7 Qe4+ 45. f3 Qe2+ 46. Kg1 Qe1+ 47. Kh2 Ra8 48. Qg4+ Kf8 49. Qh5 Ra2+ 50. Kh3 Qe6+ 51. g4 Qd6 52. Qh8+ Ke7 53. g5 Qf4 54. Qf6+ Qxf6 55. gxf6+ Kxf6 0-1

[Event "Quebec op"]
[Site "Montreal CAN"]
[Date "2004.07.17"]
[Round "1"]
[White "Boulay, David"]
[Black "Robichaud, Louis"]
[Result "0-1"]
[WhiteElo "2044"]
[BlackElo "2080"]
[PlyCount "24"]
[GameId "2160767911094970"]
[EventDate "2004.07.17"]
[EventType "swiss"]
[EventRounds "9"]
[EventCountry "CAN"]
[SourceTitle "CBM 101 Extra"]
[Source "ChessBase"]
[SourceDate "2004.09.01"]
[SourceVersion "2"]
[SourceVersionDate "2004.09.01"]
[SourceQuality "1"]

1. e4 e5 2. Nf3 Nc6 3. Bb5 a6 4. Ba4 Nf6 5. Qe2 b5 6. Bb3 Be7 7. c3 O-O 8. O-O d6 9. Rd1 Na5 10. Bc2 c5 11. d4 Qc7 12. Nbd2 cxd4 0-1

[Event "Quebec op"]
[Site "Montreal CAN"]
[Date "2004.07.17"]
[Round "1"]
[White "Caceres Cortes, Julio"]
[Black "Bolduc, Steve"]
[Result "0-1"]
[WhiteElo "2054"]
[BlackElo "2145"]
[PlyCount "56"]
[GameId "2160767911094971"]
[EventDate "2004.07.17"]
[EventType "swiss"]
[EventRounds "9"]
[EventCountry "CAN"]

1. Nf3 Nf6 2. d4 e6 3. Bg5 h6 4. Bh4 g5 5. Bg3 b6 6. Nbd2 Bb7 7. e3 d6 8. Bd3 Nc6 9. O-O Be7 10. c3 Qd7 11. Qc2 O-O-O 12. a4 Rdg8 13. b4 h5 14. h4 gxh4 15. Nxh4 Nd5 16. a5 Bxh4 17. axb6 axb6 18. Bxh4 Ncxb4 19. cxb4 Nxb4 20. Qb1 Rxg2+ 21. Kh1 Rg4+ 22. f3 Rxh4+ 23. Kg2 Rg8+ 24. Kf2 Rh2+ 25. Ke1 Nxd3+ 26. Qxd3 f5 27. Nc4 Qc6 28. Rd1 Rgg2 0-1

[Event "Quebec op"]
[Site "Montreal CAN"]
[Date "2004.07.17"]
[Round "1"]
[White "Cazelais, Marc"]
[Black "Pepin, Christian"]
[Result "1/2-1/2"]
[WhiteElo "2267"]
[BlackElo "2153"]
[PlyCount "37"]
[GameId "2160767911094973"]
[EventDate "2004.07.17"]
[EventType "swiss"]
[EventRounds "9"]
[EventCountry "CAN"]

1. e4 c6 2. c4 d5 3. exd5 cxd5 4. cxd5 Nf6 5. Nc3 Nxd5 6. Nf3 Nc6 7. d4 e6 8. Bd3 Bd6 9. O-O Nxc3 10. bxc3 h6 11. Re1 O-O 12. Bc2 Ne7 13. Qd3 Ng6 14. h4 Re8 15. h5 Nf8 16. Bd2 Bd7 17. c4 Bc6 18. Bc3 Rc8 19. Bb3 1/2-1/2

[Event "Quebec op"]
[Site "Montreal CAN"]
[Date "2004.07.17"]
[Round "1"]
[White "Gilman, Arkadiy"]
[Black "Garcia, Gildardo"]
[Result "0-1"]
[WhiteElo "2235"]
[BlackElo "2461"]
[PlyCount "60"]
[GameId "2160767911094974"]
[EventDate "2004.07.17"]
[EventType "swiss"]
[EventRounds "9"]
[EventCountry "CAN"]
[SourceTitle "CBM 101 Extra"]
[Source "ChessBase"]
[SourceDate "2004.09.01"]
[SourceVersion "2"]
[SourceVersionDate "2004.09.01"]
[SourceQuality "1"]

1. d4 Nf6 2. c4 e6 3. Nc3 Bb4 4. e3 O-O 5. Nge2 c5 6. g3 cxd4 7. exd4 Be7 8. Nf4 a6 9. Be2 Qc7 10. O-O Re8 11. Be3 d6 12. Re1 Nbd7 13. b4 Bf8 14. c5 Qb8 15. Qb3 g6 16. d5 e5 17. Ne6 fxe6 18. dxe6 Nxc5 19. Bxc5 Bxe6 20. Bc4 Qc8 21. Bxe6+ Qxe6 22. Qxe6+ Rxe6 23. Be3 d5 24. Bg5 d4 25. Bxf6 dxc3 26. Bg5 Rc8 27. a3 a5 28. Re4 axb4 29. axb4 Rb6 30. Rxe5 Rxb4 0-1

[Event "Quebec op"]
[Site "Montreal CAN"]
[Date "2004.07.17"]
[Round "1"]
[White "Gravel, Simon M"]
[Black "Barsov, Alexei"]
[Result "1-0"]
[WhiteElo "2256"]
[BlackElo "2497"]
[PlyCount "131"]
[GameId "2160767911094975"]
[EventDate "2004.07.17"]
[EventType "swiss"]
[EventRounds "9"]
[EventCountry "CAN"]
[SourceTitle "CBM 101 Extra"]
[Source "ChessBase"]
[SourceDate "2004.09.01"]
[SourceVersion "2"]
[SourceVersionDate "2004.09.01"]
[SourceQuality "1"]

1. c4 e6 2. Nf3 d5 3. g3 dxc4 4. Qa4+ Nd7 5. Bg2 c5 6. O-O a6 7. Qxc4 b5 8. Qc2 Bb7 9. a4 Rc8 10. d3 Ngf6 11. Nc3 Bc6 12. Bf4 Be7 13. axb5 axb5 14. Ne5 Bxg2 15. Kxg2 Nh5 16. Ra7 Nxe5 17. Bxe5 b4 18. Qa4+ Kf8 19. Rd7 Qe8 20. Ne4 Rd8 21. Rxd8 Qxd8 22. Qc6 f6 23. Nxc5 Qd5+ 24. Qxd5 exd5 25. Bd4 Kf7 26. Ra1 g5 27. Ra7 Ng7 28. Nb3 Ne6 29. Rd7 Rc8 30. Rxd5 Rc2 31. e4 Nxd4 32. Nxd4 Rxb2 33. Nf5 Bf8 34. Rb5 h5 35. Rb7+ Kg6 36. Rb8 Kf7 37. Rb7+ Kg6 38. h3 g4 39. Nh4+ Kg5 40. Rf7 Bh6 41. hxg4 hxg4 42. e5 Re2 43. Kf1 Rxe5 44. f4+ gxf3 45. Nxf3+ Kf5 46. Nxe5 Kxe5 47. Ke2 Bc1 48. Rb7 Ba3 49. Kd2 Kd4 50. Rd7+ Ke5 51. Kc2 Kf5 52. Rd4 Ke5 53. Re4+ Kd5 54. g4 Kd6 55. Kb3 Kd5 56. Ka4 Kd6 57. Rxb4 Bxb4 58. Kxb4 Ke5 59. Kc5 Kf4 60. d4 Kxg4 61. d5 f5 62. d6 f4 63. d7 f3 64. d8=Q f2 65. Qd1+ Kg3 66. Qf1 1-0

[Event "Quebec op"]
[Site "Montreal CAN"]
[Date "2004.07.17"]
[Round "1"]
[White "Kortschnoj, Viktor Lvovich"]
[Black "Bachand-Fleurent, Julien"]
[Result "1-0"]
[WhiteElo "2568"]
[BlackElo "2075"]
[PlyCount "103"]
[GameId "2160767911094977"]
[EventDate "2004.07.17"]
[EventType "swiss"]
[EventRounds "9"]
[EventCountry "CAN"]
[SourceTitle "CBM 101 Extra"]
[Source "ChessBase"]
[SourceDate "2004.09.01"]
[SourceVersion "2"]
[SourceVersionDate "2004.09.01"]
[SourceQuality "1"]

1. d4 d5 2. c4 c6 3. Nc3 e6 4. e3 Nf6 5. b3 Nbd7 6. Bb2 Bd6 7. Nf3 O-O 8. Be2 Re8 9. O-O a6 10. Qc2 e5 11. cxd5 cxd5 12. dxe5 Nxe5 13. Rfd1 Qc7 14. h3 Be6 15. Nd4 Qd7 16. Nxe6 fxe6 17. Qd2 Rad8 18. Rac1 Qf7 19. Qe1 Nc6 20. Bd3 Rf8 21. Ne2 e5 22. Ng3 g6 23. e4 Nb4 24. Bb1 d4 25. Qe2 Rc8 26. a3 Nc6 27. b4 Kh8 28. Bd3 b5 29. Nf1 Nh5 30. g3 Qd7 31. Kg2 Nd8 32. Rxc8 Qxc8 33. Bc1 Qc3 34. Qa2 Qc8 35. Bh6 Re8 36. Rc1 Qd7 37. Qc2 Qe7 38. Be2 Nf6 39. Nh2 Qb7 40. Ng4 Nd7 41. Bg5 h5 42. Nf6 Rf8 43. Nd5 Nb6 44. Nxb6 Qxb6 45. Qc8 a5 46. Qd7 Kg8 47. Bxb5 Qb7 48. Bc4+ Kh8 49. Qxd6 Qxe4+ 50. Kg1 Qf5 51. Rf1 Qxg5 52. Qxf8+ 1-0

[Event "Quebec op"]
[Site "Montreal CAN"]
[Date "2004.07.17"]
[Round "1"]
[White "Laframboise, Marc-Andre"]
[Black "Lawson, Eric"]
[Result "0-1"]
[WhiteElo "2094"]
[BlackElo "2276"]
[PlyCount "114"]
[GameId "2160767911094979"]
[EventDate "2004.07.17"]
[EventType "swiss"]
[EventRounds "9"]
[EventCountry "CAN"]
[SourceTitle "CBM 101 Extra"]
[Source "ChessBase"]
[SourceDate "2004.09.01"]
[SourceVersion "2"]
[SourceVersionDate "2004.09.01"]
[SourceQuality "1"]

1. d4 Nf6 2. c4 e6 3. Nc3 Bb4 4. e3 O-O 5. Nge2 d5 6. a3 Be7 7. Ng3 dxc4 8. Bxc4 Nbd7 9. b4 a5 10. b5 c5 11. bxc6 bxc6 12. e4 Ba6 13. Bxa6 Rxa6 14. O-O c5 15. Qe2 cxd4 16. Qxa6 dxc3 17. Be3 Ng4 18. Bd4 Nc5 19. Qc4 Nb3 20. Bxg7 Kxg7 21. Qxb3 Bc5 22. Qxc3+ Bd4 23. Nh5+ Kh8 24. Qe1 Qh4 25. h3 Nxf2 26. Rxf2 Qxh5 27. Kh1 Qe5 28. Rb1 Bxf2 29. Qxf2 f6 30. Qh4 Rd8 31. Rf1 Kg7 32. Qg4+ Kf7 33. Rb1 Rd7 34. h4 h5 35. Qf3 Rc7 36. Qe3 Kg6 37. a4 Rc3 38. Qe2 Qg3 39. Kg1 Qe3+ 40. Qxe3 Rxe3 41. Rb5 Rxe4 42. Rxa5 Rxh4 43. Kf2 Rb4 44. Ra8 Kf5 45. a5 Ra4 46. a6 Ke4 47. a7 Ra2+ 48. Kg3 e5 49. Kh4 Kf5 50. Rh8 Rxa7 51. Rxh5+ Kg6 52. Rh8 Rh7+ 53. Rxh7 Kxh7 54. Kg4 Kg6 55. g3 f5+ 56. Kh4 e4 57. g4 f4 0-1

[Event "Quebec op"]
[Site "Montreal CAN"]
[Date "2004.07.17"]
[Round "1"]
[White "Landry, Sylvain"]
[Black "Libersan, Thierry"]
[Result "0-1"]
[WhiteElo "2099"]
[BlackElo "2016"]
[PlyCount "74"]
[GameId "2160767911094980"]
[EventDate "2004.07.17"]
[EventType "swiss"]
[EventRounds "9"]
[EventCountry "CAN"]

1. e4 c5 2. Nf3 e6 3. d4 cxd4 4. Nxd4 Nf6 5. Nc3 d6 6. Be3 a6 7. f3 Qc7 8. g4 Nc6 9. Qd2 Nd7 10. O-O-O Nde5 11. Qf2 b5 12. Bxb5 axb5 13. Ndxb5 Qb8 14. Bb6 Be7 15. Nc7+ Kf8 16. N7b5 Nc4 17. Bc7 Qb7 18. a4 Rxa4 19. Nxa4 Qxb5 20. b3 N6e5 21. Qd4 Qc6 22. bxc4 Qxc7 23. c5 dxc5 24. Nxc5 Nxf3 25. Qc3 Qf4+ 26. Kb1 Qb8+ 27. Nb3 Ng5 28. Qa5 g6 29. Rhf1 Kg7 30. e5 Ne4 31. Rd3 Rf8 32. Qa1 Qb4 33. Qd4 Ba6 34. Qxb4 Bxb4 35. Rf4 Bxd3 36. cxd3 Nd2+ 37. Kb2 Rb8 0-1